Vista normal
Vista MARC
Entrada Materia (tema)
Número de registros utilizados en: 1
001 - CONTROL NUMBER
- control field: 189830
003 - CONTROL NUMBER IDENTIFIER
- control field: Co-BoUCM
005 - DATE AND TIME OF LATEST TRANSACTION
- control field: 20260623150000.0
008 - FIXED-LENGTH DATA ELEMENTS
- fixed length control field: 260623|| aca||aabn | a|a d
040 ## - CATALOGING SOURCE
- Original cataloging agency: Co-BoUCM
- Transcribing agency: Co-BoUCM
150 ## - HEADING--TOPICAL TERM
- Topical term or geographic name as entry element: Partidos políticos
- General subdivision: Historia
- Geographic subdivision: Región Andina
670 ## - SOURCE DATA FOUND
- Source citation: Work cat.: (Co-BoUCM)326554: Instituto Internacional para la Democracia y la Asistencia Electoral 189828, Países andinos :, 2008